Power supply economics
Zapisane w:
| 1. autor: | |
|---|---|
| Format: | Książka |
| Język: | English |
| Wydane: |
New York : John WSller & Sons
1934
|
| Hasła przedmiotowe: | |
| Etykiety: |
Dodaj etykietę
Nie ma etykietki, Dołącz pierwszą etykiete!
|
MARC
| LEADER | 00000nam a2200000Ia 4500 | ||
|---|---|---|---|
| 003 | 002021 | ||
| 005 | 20221231144003.0 | ||
| 008 | 140114s1934 nyua 000 ||eng d | ||
| 040 | |c cru CEDI | ||
| 082 | |a 621.312 J96c | ||
| 100 | |a Justin, Joel D. |9 21123 | ||
| 245 | |a Power supply economics | ||
| 260 | |a New York : John WSller & Sons |c 1934 | ||
| 300 | |a 276 páginas :ilustraciones | ||
| 600 | 0 | |a Mervine, William G |9 21124 | |
| 650 | |x SISTEMAS DE ENERGIA ELECTRICA |9 21126 | ||
| 942 | |2 ddc |c BK | ||
| 999 | |c 15214 |d 15214 | ||
